Statistics for 38-愛媛県の市町村クイズ

Click here to take the quiz!

General Stats

  • This quiz has been taken 376 times
    (210 since last reset)
  • The average score is 14 of 20

Answers on the Map

Answers color-coded by a green-red scale on the quiz's map according to % correct below.
 

Answer Stats

Answer% Correct
松山まつやま
89%
四国中央しこくちゅうおう
88%
今治いまばり
86%
伊方いかたちょう
83%
久万高原くまこうげんちょう
82%
上島かみじまちょう
80%
新居浜にいはま
80%
西条さいじょう
78%
東温とうおん
76%
宇和島うわじま
75%
愛南あいなんちょう
71%
松前まさきちょう
70%
伊予いよ
68%
大洲おおず
66%
八幡浜やわたはま
64%
内子うちこちょう
61%
鬼北きほくちょう
61%
西予せいよ
59%
砥部とべちょう
58%
松野まつのちょう
53%

Score Distribution

Percentile by Number Answered

Percent of People with Each Score

Your Score History

You have not taken this quiz since the last reset